Normal view MARC view

Entry Personal Name

Number of records used in: 3

001 - CONTROL NUMBER

  • control field: 160065

003 - CONTROL NUMBER IDENTIFIER

  • control field: OSt

005 - DATE AND TIME OF LATEST TRANSACTION

  • control field: 20220923211244.0

008 - FIXED-LENGTH DATA ELEMENTS

  • fixed length control field: 220923|| aca||aabn | a|a d

040 ## - CATALOGING SOURCE

  • Original cataloging agency: OSt
  • Transcribing agency: OSt

100 ## - HEADING--PERSONAL NAME

  • Personal name: झा, सुरेन्द्र, ले

670 ## - SOURCE DATA FOUND

  • Source citation: Work cat.: (OSt)297750: झा, सुरेन्द्र, ले., बौद्ध शैव और शाक्त - तन्त्र, 2019
Copyright @ Delhi University Library System